[Event "DRAGON 3OOO"]
[Site "SchemingMind.com"]
[Date "2013.02.27"]
[Round "-"]
[White "Greg Magne"]
[Black "Colebunker"]
[Result "0-1"]
[WhiteCountry "CAN"]
[BlackCountry "ENG"]
[WhiteElo "1896"]
[WhiteRD "66"]
[BlackElo "1816"]
[BlackRD "70"]
[GameID "327776"]

1. e4 e5 2. Nf3 Nc6 3. Bb5 a6 4. Ba4 Nf6 5. O-O Be7 6. Re1 O-O 7. Bxc6 dxc6 8. Nxe5 Bd6 9. Nf3 Bf4 10. d3 Bxc1
11. Qxc1 Bg4 12. Qf4 Re8 13. Nc3 Qd7 14. h3 Bxf3 15. Qxf3 Rad8 16. Rad1 c5 17. Qe3 Qd4 18. Qxd4 cxd4 19. Ne2 c5 20. c3 dxc3
21. bxc3 h6 22. f3 b5 23. d4 cxd4 24. cxd4 a5 25. d5 Nd7 26. Nd4 b4 27. Nc6 Ra8 28. e5 a4 29. e6 fxe6 30. dxe6 Nc5
31. e7 b3 32. axb3 axb3 33. Rd8 Kf7 34. Rxa8 Rxa8 35. Nd8+ Ke8 36. Ne6 Nxe6 37. Rxe6 b2
0-1

[Event "DRAGON 3OOO"]
[Site "SchemingMind.com"]
[Date "2013.03.03"]
[Round "-"]
[White "e_castle3"]
[Black "Colebunker"]
[Result "1-0"]
[WhiteCountry "PHI"]
[BlackCountry "ENG"]
[WhiteElo "1762"]
[WhiteRD "68"]
[BlackElo "1773"]
[BlackRD "75"]
[GameID "327777"]

1. e4 e5 2. Nf3 Nc6 3. Bb5 a6 4. Ba4 Nf6 5. d3 d6 6. h3 Be7 7. O-O O-O 8. c3 b5 9. Bc2 Bb7 10. Re1 h6
11. d4 exd4 12. cxd4 Nb4 13. a3 Nxc2 14. Qxc2 Rc8 15. Bf4 c5 16. d5 Re8 17. Nbd2 Bf8 18. Rad1 g5 19. Bh2 Nh5 20. Nf1 Rc7
21. Ne3 Bc8 22. g4 Ng7 23. Nf5 Nxf5 24. gxf5 Bg7 25. e5 dxe5 26. Nxe5 Bxe5 27. Bxe5 Rce7 28. f4 f6 29. d6 Rf7 30. Bc3 Rxe1+
31. Bxe1 c4 32. Qe4 Qd7 33. fxg5 hxg5 34. Bc3 Bb7 35. Qg4 Qc6 36. Kf2 Kg7 37. Qxg5+ Kf8 38. Bxf6 Qf3+ 39. Ke1 c3 40. Qh6+ Ke8
41. d7+
1-0

[Event "DRAGON 3OOO"]
[Site "SchemingMind.com"]
[Date "2013.02.26"]
[Round "-"]
[White "agarr"]
[Black "Colebunker"]
[Result "0-1"]
[WhiteCountry "RUS"]
[BlackCountry "ENG"]
[WhiteElo "1755"]
[WhiteRD "69"]
[BlackElo "1816"]
[BlackRD "70"]
[GameID "327778"]

1. e4 e5 2. Nf3 Nc6 3. Bc4 Nf6 4. c3 Be7 5. d4 exd4 6. e5 Ne4 7. O-O O-O 8. cxd4 d5 9. exd6 Bxd6 10. Bd3 Nf6
11. Bg5 h6 12. Bh4 Bg4 13. Be2 Re8 14. Bg3 Bxg3 15. fxg3 Bxf3 16. Bxf3 Qxd4+ 17. Qxd4 Nxd4 18. Nc3 c6 19. Rfe1 Nxf3+ 20. gxf3 Rad8
21. Rxe8+ Rxe8 22. Kf2 Rd8 23. Rd1 Rxd1 24. Nxd1 Nd5 25. Ke2 Kf8 26. Ne3 Nxe3 27. Kxe3 Ke7 28. Kd4 Kd6 29. f4 b5 30. b4 f6
31. g4 g6 32. h4 Ke6 33. Kc5 Kd7 34. Kd4 Kd6 35. Ke4 c5 36. bxc5+ Kxc5 37. h5 gxh5 38. gxh5 Kd6 39. Kf5 Ke7 40. Kg6 a5
0-1

[Event "DRAGON 3OOO"]
[Site "SchemingMind.com"]
[Date "2013.02.27"]
[Round "-"]
[White "David Hartley"]
[Black "Colebunker"]
[Result "0-1"]
[WhiteCountry "ENG"]
[BlackCountry "ENG"]
[WhiteElo "1795"]
[WhiteRD "63"]
[BlackElo "1816"]
[BlackRD "70"]
[GameID "327779"]

1. e4 e6 2. d4 d5 3. Nd2 c5 4. Ngf3 Nc6 5. exd5 Nxd4 6. Nxd4 cxd4 7. Nf3 Qxd5 8. Qxd4 Qxd4 9. Nxd4 a6 10. Bd3 Bc5
11. Nf3 Nf6 12. h3 O-O 13. O-O Bd7 14. Bg5 Nd5 15. Ne5 Be8 16. Bh4 f6 17. Nf3 Bc6 18. c3 Nf4 19. Ne1 Rad8 20. Bc4 Kh8
21. Bg3 e5 22. b4 Bb6 23. a4 Bd5 24. Bxd5 Rxd5 25. Nf3 Ne2+ 26. Kh1 Nxc3 27. a5 Bd4 28. Nxd4 Rxd4 29. Ra3 Ne4 30. Rb1 Rfd8
31. Rb2 Rd1+ 32. Kh2 Nd2 33. Bxe5 fxe5 34. Rc3 h5 35. Rc7 h4 36. g3 Nf3+ 37. Kg2 e4 38. gxh4 Rg1#
0-1

[Event "DRAGON 3OOO"]
[Site "SchemingMind.com"]
[Date "2013.03.02"]
[Round "-"]
[White "emvarela"]
[Black "Colebunker"]
[Result "1-0"]
[WhiteCountry "ARG"]
[BlackCountry "ENG"]
[WhiteElo "1779"]
[WhiteRD "51"]
[BlackElo "1773"]
[BlackRD "75"]
[GameID "327780"]

1. e4 d5 2. exd5 Qxd5 3. Nc3 Qa5 4. d4 Nf6 5. Nf3 Bf5 6. Bc4 e6 7. Bd2 c6 8. Qe2 Bb4 9. O-O-O Nbd7 10. a3 Bxc3
11. Bxc3 Qc7 12. Ne5 Nxe5 13. dxe5 Nd5 14. Bxd5 cxd5 15. f4 h5 16. h3 h4 17. Qb5+ Qc6 18. Qxc6+ bxc6 19. Bd4 Kd7 20. c4 Be4
21. cxd5 cxd5 22. Rd2 Rhc8+ 23. Kd1 a5 24. Rg1 Rc4 25. g4 Rac8 26. Bc3 Bf3+ 27. Ke1 Rxf4 28. Rd4 Rxd4 29. Bxd4 Ke8 30. Kf2 Be4
31. Bc3 a4 32. Ke3 Rc4 33. g5 Bf5 34. Bd4 Bxh3 35. Rh1 Bf5 36. Rxh4 Rc2 37. Rh8+ Ke7 38. Ra8 Rc4 39. Ra7+ Ke8 40. Ra5 Bg6
41. Ra8+ Kd7 42. Ra7+ Rc7 43. Rxa4 Rc2 44. Ra7+ Kc6 45. a4 Rg2 46. b4 Rxg5 47. b5#
1-0

[Event "DRAGON 3OOO"]
[Site "SchemingMind.com"]
[Date "2013.02.26"]
[Round "-"]
[White "Scooter"]
[Black "Colebunker"]
[Result "0-1"]
[WhiteCountry "USA"]
[BlackCountry "ENG"]
[WhiteElo "1792"]
[WhiteRD "53"]
[BlackElo "1816"]
[BlackRD "70"]
[GameID "327781"]

1. d4 Nf6 2. Nf3 g6 3. Bg5 Bg7 4. e3 O-O 5. Be2 d5 6. O-O Nbd7 7. Nbd2 h6 8. Bxf6 Nxf6 9. c4 e6 10. cxd5 Nxd5
11. a3 Bd7 12. Rc1 Rc8 13. b4 Qe7 14. Ne4 Bc6 15. b5 Bd7 16. Nc5 b6 17. Nxd7 Qxd7 18. Ne5 Qd6 19. Nc6 Qxa3 20. Ra1 Qd6
21. Rxa7 Kh7 22. Qc2 f5 23. Bf3 Rfe8 24. Bxd5 Qxd5 25. Rb1 Bf6 26. Nb4 Qd6 27. Na6 Re7 28. Rc1 e5 29. dxe5 Bxe5 30. f4 Bf6
31. Rxc7 Rexc7 32. Nxc7 Bd8 33. Rd1 Qxc7
0-1

[Event "DRAGON 3OOO"]
[Site "SchemingMind.com"]
[Date "2013.02.26"]
[Round "-"]
[White "kenneth m day"]
[Black "Colebunker"]
[Result "1-0"]
[WhiteCountry "USA"]
[BlackCountry "ENG"]
[WhiteElo "1752"]
[WhiteRD "52"]
[BlackElo "1805"]
[BlackRD "70"]
[GameID "327782"]

1. e4 e5 2. Nf3 Nc6 3. c3 Nf6 4. d4 Nxe4 5. d5 Ne7 6. Nxe5 Nd6 7. Qf3 Ng6 8. Nxg6 hxg6 9. Be3 b6 10. Nd2 Bb7
11. c4 Qe7 12. O-O-O O-O-O 13. Bd3 Kb8 14. Rhe1 Qf6 15. h3 Nf5 16. Bf4 Bd6 17. Ne4 Bxf4+ 18. Qxf4 Qh4 19. Qg5 Qh6 20. Qxh6 Rxh6
21. Ng5 Rf8 22. Nf3 f6 23. Re4 Rhh8 24. Rde1 a6 25. g4 Nd6 26. Re7 Rf7 27. h4 g5 28. h5 Rhf8 29. Nd4 Rxe7 30. Rxe7 Rf7
31. Rxf7 Nxf7 32. Nf5 Nh6 33. f3 Nxf5 34. Bxf5 d6 35. Kd2 Bc8 36. Be6 Bb7 37. Ke3 c6 38. Ke4 b5 39. b3 a5 40. Kf5 bxc4
41. bxc4 c5 42. Kg6 Ba6 43. Kxg7 Bxc4 44. h6 Bd3 45. h7 Bxh7 46. Kxh7 c4 47. Bf5
1-0

[Event "DRAGON 3OOO"]
[Site "SchemingMind.com"]
[Date "2013.02.26"]
[Round "-"]
[White "erobeno"]
[Black "Colebunker"]
[Result "1/2-1/2"]
[WhiteCountry "TUR"]
[BlackCountry "ENG"]
[WhiteElo "1705"]
[WhiteRD "73"]
[BlackElo "1816"]
[BlackRD "70"]
[GameID "327783"]

1. e4 e5 2. Nf3 Nc6 3. Bb5 a6 4. Ba4 Nf6 5. O-O Be7 6. Re1 O-O 7. Bxc6 dxc6 8. Nxe5 Bd6 9. Nf3 Bf4 10. d3 Bxc1
11. Qxc1 Bg4 12. Ne5 Qd4 13. Nc4 Rad8 14. Nc3 Rfe8 15. Qf4 Be6 16. Ne5 Nd5 17. Nxd5 cxd5 18. c3 Qb6 19. exd5 Rxd5 20. b3 Qd6
21. d4 c5 22. Nd3 cxd4 23. c4 Qxf4 24. Nxf4 Rdd8 25. Rad1 Kf8 26. g3 Bg4 27. Rxe8+ Kxe8 28. Rd2 Bf3 29. Nd3 Rd7 30. Ne1 Bc6
31. f3 f6 32. h4 Kf7 33. Kf2 h6 34. Nc2 d3 35. Nb4 g6= 36. Nxc6 bxc6 37. Ke3 Ke6 38. b4 a5 39. a3 axb4 40. axb4 Rb7
41. Rb2 Ra7 42. Kxd3 Ra3+ 43. Ke4 f5+ 44. Kf4 Rc3 45. Re2+ Kf6 46. g4 Rxc4+ 47. Kg3 Rxb4 48. Rc2 Rb6 49. Rd2 c5 50. Rd5 Rc6
51. gxf5 gxf5 52. Kf4 c4 53. Rxf5+ Kg7 54. Rd5 c3 55. Rd1 c2 56. Rc1 Kf6 57. Ke4 h5 58. Kd3= Kf5 59. Rxc2 Rxc2 60. Kxc2 Kf4
61. Kd2 Kxf3 62. Ke1 Kg3 63. Kf1 Kxh4=
1/2-1/2

[Event "DRAGON 3OOO"]
[Site "SchemingMind.com"]
[Date "2013.03.03"]
[Round "-"]
[White "SAMAEL"]
[Black "Colebunker"]
[Result "0-1"]
[WhiteCountry "CAN"]
[BlackCountry "ENG"]
[WhiteElo "1713"]
[WhiteRD "45"]
[BlackElo "1816"]
[BlackRD "70"]
[GameID "327784"]

1. Nf3 d5 2. d4 Nf6 3. Nc3 Nc6 4. e3 Bf5 5. a3 e6 6. Be2 Be7 7. O-O O-O 8. h3 h6 9. Bd2 a6 10. Rc1 Re8
11. Re1 g5 12. Nh2 b5 13. Ng4 Kh7 14. Nxf6+ Bxf6 15. Bg4 Bg6 16. Na2 Rh8 17. Nb4 Ne7 18. Be2 Kg7 19. c3 Nc8 20. Bd3 Bxd3
21. Nxd3 Nd6 22. f3 Rc8 23. e4 dxe4 24. fxe4 Be7 25. e5 Nf5 26. Rf1 c5 27. g4 Nh4 28. Nxc5 Qd5 29. Qe2 Rxc5 30. Be1 Rc7
31. Bxh4 gxh4 32. a4 Bg5 33. Rcd1 Rf8 34. axb5 axb5 35. Ra1 b4 36. cxb4 Rfc8 37. Qf2 Qb3
0-1